[Event "CCM4 - 11. ORDIX Open"]
[Site "Mainz"]
[Date "2004.??.??"]
[Round "1"]
[White "Grischuk, Alexander"]
[Black "Berberich, Christoph"]
[Result "1-0"]
[WhiteElo "2720"]
[BlackElo "2143"]
[PlyCount "59"]
[EventDate "2004.??.??"]
[EventType "rapid"]
[EventCountry "GER"]
[Source "Mike Rosa"]
[SourceDate "2009.01.01"]

1. e4 c5 2. Nf3 Nc6 3. Bb5 g6 4. O-O Nf6 5. e5 Nd5 6. Nc3 Nc7 7. Bxc6 dxc6 8.
h3 Bg7 9. d3 Be6 10. Re1 Bd5 11. Nxd5 Qxd5 12. Bf4 Ne6 13. Qd2 O-O 14. Re4 Rfd8
15. Rae1 b5 16. b3 Nd4 17. Nxd4 cxd4 18. Bh6 Bh8 19. h4 c5 20. h5 c4 21. Bg5 f6
22. bxc4 bxc4 23. dxc4 Qxc4 24. exf6 exf6 25. hxg6 hxg6 26. Re6 Rf8 27. Bh6
Rfc8 28. Re7 Qc3 29. Qe2 Qc4 30. Qg4 1-0

[Event "CCM4 - 11. ORDIX Open"]
[Site "Mainz"]
[Date "2004.??.??"]
[Round "1"]
[White "Milov, Vadim"]
[Black "Sulic, Kresimir"]
[Result "1-0"]
[WhiteElo "2683"]
[BlackElo "2141"]
[PlyCount "64"]
[EventDate "2004.??.??"]
[EventType "rapid"]
[EventCountry "GER"]
[Source "Mike Rosa"]
[SourceDate "2009.01.01"]

1. d4 Nf6 2. c4 c5 3. d5 e6 4. Nc3 exd5 5. cxd5 d6 6. e4 g6 7. f4 Bg7 8. Bb5+
Nfd7 9. Nf3 O-O 10. O-O Na6 11. Kh1 Nc7 12. Bd3 a6 13. a4 b6 14. f5 Ne5 15. Bg5
f6 16. Nxe5 dxe5 17. Be3 Qd6 18. Qf3 Bd7 19. a5 Rab8 20. Qf2 gxf5 21. exf5 Nb5
22. axb6 Rfc8 23. Rxa6 c4 24. Be4 Rb7 25. Rfa1 Kh8 26. h3 Be8 27. Nxb5 Bxb5 28.
Ra7 Rbb8 29. R1a5 Qb4 30. Rxg7 Qxa5 31. Ra7 Ba6 32. Qh4 Rb7 1-0

[Event "CCM4 - 11. ORDIX Open"]
[Site "Mainz"]
[Date "2004.??.??"]
[Round "1"]
[White "Morozevich, Alexander"]
[Black "Brendel, Bergit"]
[Result "1-0"]
[WhiteElo "2743"]
[BlackElo "2082"]
[PlyCount "67"]
[EventDate "2004.??.??"]
[EventType "rapid"]
[EventCountry "GER"]
[Source "Mike Rosa"]
[SourceDate "2009.01.01"]

1. Nc3 Nf6 2. d4 d6 3. e4 c6 4. f4 Qa5 5. e5 Ne4 6. Nf3 Nxc3 7. bxc3 Bg4 8. Bd2
dxe5 9. fxe5 e6 10. Bd3 c5 11. Rb1 Qc7 12. Be4 Nc6 13. Qe2 Be7 14. Qb5 Bxf3 15.
gxf3 O-O 16. Qxb7 Qxb7 17. Rxb7 Rab8 18. Rxb8 Rxb8 19. Ke2 Na5 20. d5 Nc4 21.
Bf4 Rb2 22. d6 Bd8 23. Ra1 g5 24. Bc1 Rb8 25. f4 f5 26. Bc6 g4 27. a4 Ba5 28.
Bb5 Nb6 29. c4 Bc3 30. Rb1 Bd4 31. Rb3 a5 32. Bd2 Rd8 33. Bxa5 Rb8 34. Bc6 1-0

[Event "CCM4 - 11. ORDIX Open"]
[Site "Mainz"]
[Date "2004.??.??"]
[Round "1"]
[White "Sohrabi, Azizollah"]
[Black "Bacrot, Etienne"]
[Result "0-1"]
[WhiteElo "2143"]
[BlackElo "2712"]
[PlyCount "34"]
[EventDate "2004.??.??"]
[EventType "rapid"]
[EventCountry "GER"]
[Source "Mike Rosa"]
[SourceDate "2009.01.01"]

1. e4 g6 2. d4 Bg7 3. Nf3 d6 4. c4 Nf6 5. Nc3 O-O 6. h3 e5 7. dxe5 dxe5 8. Qxd8
Rxd8 9. Be2 Nbd7 10. Be3 c6 11. O-O Nh5 12. g3 Bf8 13. Rfd1 Re8 14. Kg2 Ng7 15.
Rd2 f5 16. Rad1 Nf6 17. Rd8 fxe4 0-1

[Event "CCM4 - 11. ORDIX Open"]
[Site "Mainz"]
[Date "2004.??.??"]
[Round "2"]
[White "Bacrot, Etienne"]
[Black "Eisenbeiser, Amadeus"]
[Result "1-0"]
[WhiteElo "2712"]
[BlackElo "2304"]
[PlyCount "93"]
[EventDate "2004.??.??"]
[EventType "rapid"]
[EventCountry "GER"]
[Source "Mike Rosa"]
[SourceDate "2009.01.01"]

1. c4 e5 2. Nc3 Nc6 3. Nf3 g6 4. g3 Bg7 5. Bg2 Nge7 6. O-O O-O 7. d3 d6 8. Rb1
a5 9. a3 Bf5 10. b4 axb4 11. axb4 Qd7 12. Re1 h6 13. b5 Nd8 14. Nd5 Nxd5 15.
cxd5 c6 16. Nd2 cxb5 17. Qb3 Ra5 18. Bb2 b6 19. Bc3 Ra6 20. Qxb5 Qxb5 21. Rxb5
Bd7 22. Rbb1 Nb7 23. Rec1 Rc8 24. Bb4 Nc5 25. Nc4 Bf8 26. Bd2 b5 27. Na5 Rb8
28. Kf1 Kg7 29. f4 f6 30. Nc6 Rb7 31. Bb4 Na4 32. Ra1 exf4 33. gxf4 Nc5 34.
Rab1 Na4 35. Ra1 Nc5 36. d4 Na4 37. Ra3 Ra8 38. Kf2 Kf7 39. e4 Re8 40. e5 fxe5
41. fxe5 dxe5 42. d6 e4 43. Ne5+ Rxe5 44. dxe5 Bf5 45. Ke3 Ke6 46. Bxe4 Kxe5
47. Bxb7 1-0

[Event "CCM4 - 11. ORDIX Open"]
[Site "Mainz"]
[Date "2004.??.??"]
[Round "2"]
[White "Christ, Ralf"]
[Black "Milov, Vadim"]
[Result "0-1"]
[WhiteElo "2302"]
[BlackElo "2683"]
[PlyCount "67"]
[EventDate "2004.??.??"]
[EventType "rapid"]
[EventCountry "GER"]
[Source "Mike Rosa"]
[SourceDate "2009.01.01"]

1. Nf3 g6 2. c4 Bg7 3. d4 c5 4. Nc3 cxd4 5. Nxd4 Nc6 6. e3 Nf6 7. Be2 O-O 8.
O-O d6 9. b3 a6 10. Bb2 Bd7 11. Rc1 Qa5 12. Qd2 b5 13. Rfd1 bxc4 14. Nxc6 Bxc6
15. Bxc4 Qg5 16. Bf1 h5 17. Ne2 Rac8 18. Nd4 Bb7 19. Rxc8 Rxc8 20. Rc1 Rxc1 21.
Qxc1 e5 22. Nc6 Ne4 23. Na5 Bd5 24. Qc2 h4 25. Bc4 h3 26. g3 Ba8 27. Bf1 Qf5
28. Nc4 Bh6 29. Nb6 Bb7 30. Bc1 Kg7 31. Na4 Qf6 32. Bd3 Qf3 33. Bf1 Nd2 34.
Bxh3 0-1

[Event "CCM4 - 11. ORDIX Open"]
[Site "Mainz"]
[Date "2004.??.??"]
[Round "2"]
[White "Ponomariov, Ruslan"]
[Black "Silber, Henning"]
[Result "1/2-1/2"]
[WhiteElo "2722"]
[BlackElo "2307"]
[PlyCount "98"]
[EventDate "2004.??.??"]
[EventType "rapid"]
[EventCountry "GER"]
[Source "Mike Rosa"]
[SourceDate "2009.01.01"]

1. Nf3 d5 2. b3 Nf6 3. Bb2 e6 4. e3 Be7 5. d4 O-O 6. Nbd2 c5 7. Bd3 b6 8. Ne5
Bb7 9. a3 Nbd7 10. f4 Ne4 11. O-O Nxd2 12. Qxd2 f5 13. Rf3 Nxe5 14. fxe5 Rc8
15. Rh3 c4 16. Be2 c3 17. Bxc3 Qc7 18. Bb4 Bxb4 19. axb4 Qxc2 20. Qxc2 Rxc2 21.
Bb5 a6 22. Bxa6 Ra8 23. b5 Bxa6 24. bxa6 Rc3 25. b4 Rb3 26. e4 Rxb4 27. exd5
exd5 28. a7 b5 29. Rha3 Rxd4 30. Ra5 Rb4 31. e6 Kf8 32. Rc1 Ke7 33. Rc7+ Kxe6
34. Rxg7 Ra4 35. Rxb5 R8xa7 36. Rxa7 Rxa7 37. Kf2 Ke5 38. Rb8 Ke4 39. Re8+ Kd3
40. Re3+ Kc4 41. Re5 d4 42. Rxf5 d3 43. Ke3 Re7+ 44. Kd2 Re2+ 45. Kd1 Rxg2 46.
Rh5 Kc3 47. Rc5+ Kd4 48. Rh5 Ke3 49. Rh3+ Kd4 1/2-1/2

[Event "CCM4 - 11. ORDIX Open"]
[Site "Mainz"]
[Date "2004.??.??"]
[Round "2"]
[White "Rotstein, Jefim"]
[Black "Grischuk, Alexander"]
[Result "0-1"]
[WhiteElo "2306"]
[BlackElo "2720"]
[PlyCount "74"]
[EventDate "2004.??.??"]
[EventType "rapid"]
[EventCountry "GER"]
[Source "Mike Rosa"]
[SourceDate "2009.01.01"]

1. Nf3 Nf6 2. c4 b6 3. Nc3 Bb7 4. e3 e6 5. Be2 d5 6. O-O Nbd7 7. cxd5 exd5 8.
b3 a6 9. Bb2 c5 10. d4 Be7 11. dxc5 bxc5 12. Rc1 O-O 13. Qc2 Re8 14. Rfd1 Rc8
15. Rd2 Bf8 16. Qd1 Qb6 17. Na4 Qe6 18. Bd3 Bd6 19. Ng5 Qe7 20. Bf5 Rc7 21.
Rdc2 Ne5 22. Nf3 Nxf3+ 23. Qxf3 d4 24. Qh3 h5 25. Re2 g6 26. Bd3 Ng4 27. exd4
Qxe2 28. Bxe2 Rxe2 29. Rf1 Bxh2+ 30. Kh1 Rxf2 31. Re1 Re7 32. Rd1 Rxg2 33. Qxg2
Bxg2+ 34. Kxg2 Ne3+ 35. Kxh2 Nxd1 36. dxc5 Nxb2 37. Nxb2 Re2+ 0-1

[Event "CCM4 - 11. ORDIX Open"]
[Site "Mainz"]
[Date "2004.??.??"]
[Round "3"]
[White "Farago, Ivan"]
[Black "Bacrot, Etienne"]
[Result "0-1"]
[WhiteElo "2472"]
[BlackElo "2712"]
[PlyCount "54"]
[EventDate "2004.??.??"]
[EventType "rapid"]
[EventCountry "GER"]
[Source "Mike Rosa"]
[SourceDate "2009.01.01"]

1. d4 d5 2. c4 e6 3. Nf3 c6 4. Bg5 Be7 5. Bxe7 Qxe7 6. e3 Nf6 7. Nc3 O-O 8. Rc1
Nbd7 9. Qc2 b6 10. cxd5 exd5 11. Bd3 Bb7 12. O-O c5 13. Rce1 Rfe8 14. Nd2 cxd4
15. Nb5 dxe3 16. Rxe3 Qc5 17. Rfe1 Rxe3 18. Rxe3 a6 19. Qxc5 Nxc5 20. Nd6 Bc6
21. b4 Ne6 22. Bf5 Nd4 23. Bc8 Nb5 24. Nf5 Kf8 25. Ne7 Nd6 26. Bxa6 Bd7 27. Bf1
Re8 0-1

[Event "CCM4 - 11. ORDIX Open"]
[Site "Mainz"]
[Date "2004.??.??"]
[Round "3"]
[White "Kunin, Vitaly"]
[Black "Bologan, Viktor"]
[Result "0-1"]
[WhiteElo "2463"]
[BlackElo "2663"]
[PlyCount "56"]
[EventDate "2004.??.??"]
[EventType "rapid"]
[EventCountry "GER"]
[Source "Mike Rosa"]
[SourceDate "2009.01.01"]

1. d4 Nf6 2. Nf3 g6 3. g3 Bg7 4. Bg2 O-O 5. O-O d6 6. h3 Nbd7 7. d5 Nb6 8. Nc3
c6 9. dxc6 bxc6 10. Nd4 c5 11. Nc6 Qd7 12. Na5 Rb8 13. a4 Ba6 14. g4 Rfc8 15.
Nb3 h5 16. g5 Nh7 17. Re1 Bxc3 18. bxc3 Nxa4 19. Qd2 Bb5 20. e4 e5 21. f4 c4
22. Na5 Qc7 23. f5 Qxa5 24. fxg6 fxg6 25. Qd5+ Kg7 26. Be3 Qc7 27. Rf1 Nc5 28.
Rf2 Rf8 0-1

[Event "CCM4 - 11. ORDIX Open"]
[Site "Mainz"]
[Date "2004.??.??"]
[Round "3"]
[White "Milov, Vadim"]
[Black "Cmilyte, Viktorija"]
[Result "1-0"]
[WhiteElo "2683"]
[BlackElo "2448"]
[PlyCount "87"]
[EventDate "2004.??.??"]
[EventType "rapid"]
[EventCountry "GER"]
[Source "Mike Rosa"]
[SourceDate "2009.01.01"]

1. d4 Nf6 2. c4 e6 3. Nc3 Bb4 4. e3 O-O 5. Nge2 c5 6. a3 cxd4 7. exd4 Be7 8.
Nf4 d6 9. Be3 a6 10. Be2 Nbd7 11. O-O b6 12. Bf3 Rb8 13. Nd3 Qc7 14. Rc1 Bb7
15. d5 e5 16. Nb4 Rfe8 17. Nc6 Rbc8 18. b4 Bf8 19. b5 e4 20. Be2 a5 21. Na4 Nc5
22. Bd4 Nfd7 23. Bg4 Nxa4 24. Qxa4 Nc5 25. Bxc5 dxc5 26. Bxc8 Bxc8 27. Qb3 Bd6
28. g3 Bg4 29. Rc3 f5 30. Re1 Qd7 31. Rce3 Bh5 32. Qc3 Qf7 33. f4 g5 34. fxg5
Bg6 35. Rf1 f4 36. gxf4 Bxf4 37. Re2 e3 38. d6 Qf5 39. Ne7+ Rxe7 40. dxe7 Qxg5+
41. Rg2 Qxe7 42. Rxf4 e2 43. Qe1 Qe3+ 44. Rff2 1-0

[Event "CCM4 - 11. ORDIX Open"]
[Site "Mainz"]
[Date "2004.??.??"]
[Round "3"]
[White "Morozevich, Alexander"]
[Black "Zhukova, Natalia"]
[Result "1/2-1/2"]
[WhiteElo "2743"]
[BlackElo "2475"]
[PlyCount "37"]
[EventDate "2004.??.??"]
[EventType "rapid"]
[EventCountry "GER"]
[Source "Mike Rosa"]
[SourceDate "2009.01.01"]

1. e4 e6 2. d4 d5 3. Nc3 Nf6 4. e5 Nfd7 5. f4 c5 6. Nf3 Nc6 7. Ne2 Qb6 8. c3 f6
9. a3 Be7 10. b4 cxd4 11. Nexd4 Nxd4 12. cxd4 O-O 13. Bd3 fxe5 14. dxe5 a5 15.
b5 a4 16. h4 h6 17. Kf1 Nc5 18. Be3 Bd7 19. Rb1 1/2-1/2

[Event "CCM4 - 11. ORDIX Open"]
[Site "Mainz"]
[Date "2004.??.??"]
[Round "4"]
[White "Bacrot, Etienne"]
[Black "Jussupow, Artur"]
[Result "1-0"]
[WhiteElo "2712"]
[BlackElo "2583"]
[PlyCount "133"]
[EventDate "2004.??.??"]
[EventType "rapid"]
[EventCountry "GER"]
[Source "Mike Rosa"]
[SourceDate "2009.01.01"]

1. e4 e5 2. Nf3 Nf6 3. Nxe5 d6 4. Nf3 Nxe4 5. d4 d5 6. Bd3 Nc6 7. O-O Bg4 8. c4
Nf6 9. Nc3 Be7 10. cxd5 Nxd5 11. h3 Be6 12. Re1 O-O 13. a3 Nxc3 14. bxc3 Bf6
15. Bf4 Qd7 16. Qb1 g6 17. Qxb7 Rab8 18. Qxc7 Qxc7 19. Bxc7 Rb3 20. Be4 Rxc3
21. d5 Nd4 22. Nxd4 Rxc7 23. Rad1 Bd7 24. Nc6 Rb7 25. Rb1 Rc7 26. Bf3 Kg7 27.
g4 Re8 28. Rec1 Bg5 29. Rc4 Be7 30. a4 Bd6 31. a5 Bc8 32. Re4 Rxe4 33. Bxe4 Ba6
34. Kg2 Bc4 35. Rc1 Bb5 36. Bf3 h6 37. Re1 Rb7 38. Re8 Rd7 39. Ra8 Bc5 40. Rb8
Bc4 41. Ne5 Rxd5 42. Nxc4 Rd4 43. Ne3 Rd2 44. Rb3 Ra2 45. Bd5 Rxa5 46. Rd3 Ra1
47. Kf3 Rh1 48. Kg2 Re1 49. Nc4 Bb4 50. Rf3 Re7 51. Nb2 a5 52. Bb3 Rc7 53. Nd3
Bd6 54. Nf4 Rb7 55. Nd5 Rb5 56. Bc4 Rc5 57. Nb6 Rc7 58. Bd5 Bc5 59. Na4 Bb4 60.
h4 Rd7 61. Bb3 Rc7 62. h5 gxh5 63. gxh5 Bd6 64. Nb6 Rb7 65. Nc4 Bc7 66. Nd2 Bd8
67. Ne4 1-0

[Event "CCM4 - 11. ORDIX Open"]
[Site "Mainz"]
[Date "2004.??.??"]
[Round "4"]
[White "Berelovich, Aleksandar"]
[Black "Graf, Alexander"]
[Result "1/2-1/2"]
[WhiteElo "2545"]
[BlackElo "2661"]
[PlyCount "92"]
[EventDate "2004.??.??"]
[EventType "rapid"]
[EventCountry "GER"]
[Source "Mike Rosa"]
[SourceDate "2009.01.01"]

1. e4 e5 2. Nf3 Nc6 3. Bb5 a6 4. Ba4 Nf6 5. O-O Be7 6. Re1 b5 7. Bb3 d6 8. c3
O-O 9. h3 Na5 10. Bc2 c5 11. d4 Nd7 12. Nbd2 exd4 13. cxd4 Nc6 14. Nf1 cxd4 15.
Nxd4 Nxd4 16. Qxd4 Ne5 17. Qd1 Bf6 18. Ne3 Be6 19. Bb3 Nc6 20. Nd5 Be5 21. Rb1
a5 22. a3 a4 23. Ba2 Qh4 24. Qd3 Kh8 25. Bd2 f5 26. g3 Qxh3 27. Rbc1 Nd4 28.
Nf4 Bxf4 29. Bxf4 Bxa2 30. Qxd4 Bc4 31. Bxd6 Rf7 32. e5 f4 33. Qe4 Re8 34. Qg2
Qh5 35. g4 Qg6 36. f3 Re6 37. Rcd1 h6 38. Rd4 Qg5 39. Red1 Rd7 40. Qh2 Rf7 41.
Qd2 h5 42. Qh2 Rh6 43. Qg2 hxg4 44. Qxg4 Qxg4+ 45. fxg4 Rg6 46. Kf2 Kh7 1/2-1/2

[Event "CCM4 - 11. ORDIX Open"]
[Site "Mainz"]
[Date "2004.??.??"]
[Round "4"]
[White "Glek, Igor"]
[Black "Grischuk, Alexander"]
[Result "0-1"]
[WhiteElo "2578"]
[BlackElo "2720"]
[PlyCount "108"]
[EventDate "2004.??.??"]
[EventType "rapid"]
[EventCountry "GER"]
[Source "Mike Rosa"]
[SourceDate "2009.01.01"]

1. e4 e5 2. Nf3 Nc6 3. Nc3 Nf6 4. g3 Bb4 5. Bg2 Bxc3 6. bxc3 O-O 7. O-O Nxe4 8.
Nxe5 Nxe5 9. Bxe4 d5 10. Bg2 Re8 11. d3 Bg4 12. f3 Be6 13. f4 Bg4 14. Qd2 Nc6
15. f5 f6 16. Qf4 Bh5 17. g4 Bf7 18. Qg3 Re2 19. g5 fxg5 20. Bxg5 Qd6 21. Qxd6
cxd6 22. Rac1 Rc8 23. Rfe1 Ree8 24. f6 h6 25. Bf4 gxf6 26. Bxh6 Ne5 27. Bd2 Kg7
28. Re3 Ng6 29. Rxe8 Rxe8 30. Kf2 b5 31. Rb1 a6 32. a4 bxa4 33. Rb4 a3 34. Rb3
Ne5 35. Rxa3 Ng4+ 36. Kg3 Re2 37. Bf4 Ne5 38. d4 Nc4 39. Ra2 Ne3 40. Bxe3 Rxe3+
41. Kf2 Rxc3 42. Bf1 Bg6 43. Bxa6 Bxc2 44. Bf1 Be4 45. h4 f5 46. Ra7+ Kg6 47.
Ra6 Rc2+ 48. Ke3 f4+ 49. Kxf4 Rf2+ 50. Kg4 Rxf1 51. Rxd6+ Kf7 52. h5 Rg1+ 53.
Kf4 Kg7 54. h6+ Kh7 0-1

[Event "CCM4 - 11. ORDIX Open"]
[Site "Mainz"]
[Date "2004.??.??"]
[Round "4"]
[White "Lalic, Bogdan"]
[Black "Milov, Vadim"]
[Result "1/2-1/2"]
[WhiteElo "2547"]
[BlackElo "2683"]
[PlyCount "140"]
[EventDate "2004.??.??"]
[EventType "rapid"]
[EventCountry "GER"]
[Source "Mike Rosa"]
[SourceDate "2009.01.01"]

1. d4 Nf6 2. c4 e6 3. Nc3 Bb4 4. Qc2 O-O 5. a3 Bxc3+ 6. Qxc3 d6 7. Bg5 Nbd7 8.
e3 b6 9. Bd3 Ba6 10. Ne2 c5 11. Qc2 h6 12. Bh4 Qc7 13. Qa4 Qb7 14. b4 cxd4 15.
exd4 e5 16. Bxf6 Nxf6 17. b5 Qxg2 18. Rg1 Qh3 19. Rg3 Qxh2 20. bxa6 Nh5 21. Qc6
Nxg3 22. fxg3 Rae8 23. Kd2 exd4 24. Qf3 Re3 25. Rh1 Rxf3 26. Rxh2 Re8 27. Rh4
Re5 28. Rxd4 Ra5 29. Rxd6 g6 30. Be4 Rf1 31. Bd5 Rxa3 32. c5 bxc5 33. Rxg6+ Kf8
34. Rc6 Kg7 35. Bc4 Rb1 36. Kc2 Rb4 37. Rxc5 Kf6 38. Nc3 Rxc4 39. Rxc4 Rxa6 40.
Kd3 Re6 41. Rc5 Kg6 42. Nd5 Kf5 43. Ne3+ Kg6 44. Ra5 a6 45. Ng2 Kf6 46. Kd4 Rb6
47. Ke4 Rb4+ 48. Kf3 Rb6 49. Kg4 Kg7 50. Nf4 Rc6 51. Kf5 Rf6+ 52. Kg4 Rb6 53.
Rc5 Rd6 54. Rc7 Rb6 55. Rc8 Rd6 56. Nh5+ Kh7 57. Rf8 Rd4+ 58. Kh3 Kg6 59. Rg8+
Kf5 60. Rg7 Rd7 61. Rg8 Ra7 62. g4+ Ke5 63. Re8+ Kd4 64. Rd8+ Ke5 65. Re8+ Kd4
66. Rd8+ Ke5 67. Re8+ Kd4 68. Rd8+ Kc4 69. Rc8+ Kb3 70. Rb8+ Kc4 1/2-1/2

[Event "CCM4 - 11. ORDIX Open"]
[Site "Mainz"]
[Date "2004.??.??"]
[Round "5"]
[White "Ubilava, Elizbar"]
[Black "Vaganian, Rafael"]
[Result "1/2-1/2"]
[WhiteElo "2517"]
[BlackElo "2642"]
[PlyCount "96"]
[EventDate "2004.??.??"]
[EventType "rapid"]
[EventCountry "GER"]
[Source "Mike Rosa"]
[SourceDate "2009.01.01"]

1. Nf3 d5 2. g3 Nf6 3. Bg2 e6 4. O-O Be7 5. d3 c5 6. Nbd2 Nc6 7. e4 b6 8. Re1
Bb7 9. c3 Qc7 10. a3 Rd8 11. e5 Nd7 12. Qe2 b5 13. d4 cxd4 14. cxd4 b4 15. a4
b3 16. Nxb3 Nb4 17. Bg5 Qc4 18. Bxe7 Qxe2 19. Rxe2 Kxe7 20. Rd2 Rc8 21. Bf1 Rc7
22. Bb5 Bc6 23. Na5 Bxb5 24. axb5 Rb8 25. Nc6+ Nxc6 26. bxc6 Nb6 27. Rc2 Nc4
28. Nd2 Nxd2 29. Rxd2 Rb4 30. b3 Rxb3 31. Rda2 Rc3 32. Rxa7 R3xc6 33. Kg2 f6
34. exf6+ Kxf6 35. Rxc7 Rxc7 36. Ra3 Rc4 37. Rd3 h5 38. h4 Kf5 39. Kf3 Rc1 40.
Ke2 Rc2+ 41. Kf3 g6 42. Ra3 Rc1 43. Rd3 Re1 44. Rd2 Re4 45. Rd1 g5 46. hxg5
Kxg5 47. Rd2 Kf5 48. Rd1 h4 1/2-1/2

[Event "CCM4 - 11. ORDIX Open"]
[Site "Mainz"]
[Date "2004.??.??"]
[Round "5"]
[White "Varga, Zoltan"]
[Black "Bacrot, Etienne"]
[Result "0-1"]
[WhiteElo "2592"]
[BlackElo "2712"]
[PlyCount "100"]
[EventDate "2004.??.??"]
[EventType "rapid"]
[EventCountry "GER"]
[Source "Mike Rosa"]
[SourceDate "2009.01.01"]

1. e4 e5 2. Nf3 d6 3. d4 exd4 4. Nxd4 Nf6 5. Nc3 Be7 6. Bf4 O-O 7. Qd2 d5 8.
Ndb5 c6 9. Nc7 d4 10. Ne2 g5 11. Nxa8 gxf4 12. Qxf4 Na6 13. O-O-O c5 14. Ng3
Ng4 15. Kb1 Bd6 16. Qf3 Ne5 17. Qf4 Ng6 18. Qf3 Ne5 19. Qf4 Qe7 20. Nf5 Bxf5
21. exf5 Rxa8 22. f6 Qf8 23. Qe4 Nb4 24. g4 Nbc6 25. h4 Qh6 26. g5 Qg6 27. Bg2
Qxe4 28. Bxe4 Rd8 29. f3 Nc4 30. h5 Bf4 31. Rhg1 Nd2+ 32. Ka1 Nxe4 33. fxe4 Ne5
34. Rdf1 Be3 35. Rg2 c4 36. Rf5 Re8 37. b3 d3 38. bxc4 d2 39. Rf1 Nxc4 40. c3
Rd8 41. Rd1 Ne5 42. Kb1 Nf3 43. g6 Ne1 44. gxh7+ Kxh7 45. Rg7+ Kh6 46. Rxf7 Nd3
47. Rxb7 Nf2 48. Kc2 Nxd1 49. Kxd1 Rg8 50. Ke2 Rg2+ 0-1

[Event "CCM4 - 11. ORDIX Open"]
[Site "Mainz"]
[Date "2004.??.??"]
[Round "6"]
[White "Bacrot, Etienne"]
[Black "Dautov, Rustem"]
[Result "1-0"]
[WhiteElo "2712"]
[BlackElo "2624"]
[PlyCount "67"]
[EventDate "2004.??.??"]
[EventType "rapid"]
[EventCountry "GER"]
[Source "Mike Rosa"]
[SourceDate "2009.01.01"]

1. Nf3 Nf6 2. c4 e6 3. Nc3 Bb4 4. Qc2 O-O 5. a3 Bxc3 6. Qxc3 b6 7. g3 Bb7 8.
Bg2 d5 9. b4 d4 10. Qb2 e5 11. O-O Re8 12. d3 Nbd7 13. e4 dxe3 14. Bxe3 Qc8 15.
Rfe1 e4 16. dxe4 Bxe4 17. Bf4 Qb7 18. Qc3 Nf8 19. Bg5 N8d7 20. Rad1 h6 21. Bf4
a5 22. h3 axb4 23. axb4 Kh7 24. g4 Nf8 25. Bxh6 Kxh6 26. g5+ Kh7 27. gxf6 Kg8
28. fxg7 Ng6 29. Qf6 Re6 30. Rd8+ Rxd8 31. Qxd8+ Kxg7 32. Qd4+ Kg8 33. Ng5 Bxg2
34. Nxe6 1-0

[Event "CCM4 - 11. ORDIX Open"]
[Site "Mainz"]
[Date "2004.??.??"]
[Round "6"]
[White "Georgiev, Kiril"]
[Black "Grischuk, Alexander"]
[Result "0-1"]
[WhiteElo "2626"]
[BlackElo "2720"]
[PlyCount "142"]
[EventDate "2004.??.??"]
[EventType "rapid"]
[EventCountry "GER"]
[Source "Mike Rosa"]
[SourceDate "2009.01.01"]

1. d4 Nf6 2. Bg5 Ne4 3. Bf4 c5 4. d5 Qb6 5. Bc1 e6 6. f3 Nf6 7. c4 exd5 8. cxd5
c4 9. e3 Bc5 10. Kf2 O-O 11. Bxc4 Re8 12. Qb3 Qd8 13. Ne2 d6 14. Nbc3 a6 15. a4
Nbd7 16. Ng3 Rb8 17. Bd2 b5 18. axb5 axb5 19. Be2 b4 20. Na4 Bb7 21. Nxc5 Bxd5
22. Qc2 Nxc5 23. Rhe1 Rc8 24. Qf5 Qb6 25. Qf4 Be4 26. Kg1 Nd5 27. Qh4 Bg6 28.
Qd4 Qb7 29. Bc4 Nb6 30. Bb5 Nb3 31. Qxb4 Nxa1 32. Rxa1 Nd5 33. Qa5 Rc5 34. Bxe8
Rxa5 35. Rxa5 h6 36. b4 Bd3 37. b5 Nc7 38. Bc6 Qb6 39. Ra1 Bxb5 40. Bxb5 Qxb5
41. Nf1 Ne6 42. Be1 d5 43. Rd1 Qe2 44. Rc1 d4 45. Bd2 Qb5 46. exd4 (46. Re1 Qd3
47. Kh1 Kh7 48. Rc1 f6 49. Ng3 Ng5 50. Rf1 Nf7 51. Rf2 Ne5 52. Ne2 Qe4 53. Nf4
Nc4 54. h3 Nxe3 55. Ne2 Qd5 56. Ng3 Nd1 57. Ne2 Qe6 58. Nxd4 Qd7 59. Nf5 Nb2
60. Nh4 Nc4) 46... Nxd4 47. Re1 Qd3 48. Kh1 Kh7 49. Rc1 f6 50. Be3 Nf5 51. Bg1
Nh4 52. Ng3 Nxf3 53. Rf1 Ng5 54. Rf2 Nf7 55. Ne2 Ne5 56. Nf4 Qe4 57. h3 Nc4 58.
Ne2 Ne3 59. Ng3 Qd5 60. Ne2 Nd1 61. Rf3 Qe6 62. Nd4 Qd7 63. Nf5 Nb2 64. Nh4 Nc4
65. Rc3 Ne5 66. Nf3 Ng6 67. Rc4 Qd5 68. Rd4 Qb7 69. Rd6 Nf4 70. Rd2 Nxh3 71.
Nd4 Ng5 0-1

[Event "CCM4 - 11. ORDIX Open"]
[Site "Mainz"]
[Date "2004.??.??"]
[Round "6"]
[White "Kogan, Artur"]
[Black "Graf, Alexander"]
[Result "1/2-1/2"]
[WhiteElo "2559"]
[BlackElo "2661"]
[PlyCount "115"]
[EventDate "2004.??.??"]
[EventType "rapid"]
[EventCountry "GER"]
[Source "Mike Rosa"]
[SourceDate "2009.01.01"]

1. d4 Nf6 2. Nf3 d5 3. c4 e6 4. Nc3 c6 5. Bg5 Nbd7 6. e3 Be7 7. Qc2 O-O 8. a3
Re8 9. Rd1 b6 10. Bd3 h6 11. Bh4 Bb7 12. O-O Rc8 13. cxd5 Nxd5 14. Bxe7 Rxe7
15. Ne4 N7f6 16. b4 Rec7 17. Ne5 Qe7 18. Nc4 Nxe4 19. Bxe4 Ba6 20. Qb3 Bxc4 21.
Qxc4 a5 22. Rb1 axb4 23. axb4 b5 24. Qb3 Ra8 25. Rfc1 Ra4 26. Bxd5 exd5 27. Rc5
Qd6 28. Rbc1 Rca7 29. Qc2 Ra2 30. Qf5 Rb2 31. g3 Rc7 32. Rb1 g6 33. Qd3 Ra2 34.
Rbc1 Qf6 35. R1c2 Ra1+ 36. Kg2 h5 37. h4 Qd6 38. Qc3 Ra4 39. Rxc6 Rxc6 40. Qxc6
Qxb4 41. Qxd5 Qe7 42. Qxb5 Qe4+ 43. Kh2 Qxc2 44. Qe8+ Kg7 45. Qe5+ Kh7 46. Qf6
Ra7 47. d5 Qe4 48. d6 Rd7 49. f3 Qxe3 50. g4 Qf2+ 51. Kh3 hxg4+ 52. Kxg4 Qc5
53. f4 Qd5 54. f5 Qe4+ 55. Kg3 gxf5 56. h5 Qg4+ 57. Kf2 Qf4+ 58. Ke1 1/2-1/2

[Event "CCM4 - 11. ORDIX Open"]
[Site "Mainz"]
[Date "2004.??.??"]
[Round "7"]
[White "Kogan, Artur"]
[Black "Bologan, Viktor"]
[Result "0-1"]
[WhiteElo "2559"]
[BlackElo "2663"]
[PlyCount "141"]
[EventDate "2004.??.??"]
[EventType "rapid"]
[EventCountry "GER"]
[Source "Mike Rosa"]
[SourceDate "2009.01.01"]

1. e4 c5 2. Nf3 e6 3. b3 d6 4. Bb5+ Nd7 5. O-O Ngf6 6. Re1 Be7 7. d4 cxd4 8.
Nxd4 O-O 9. Bb2 Nc5 10. Nd2 a6 11. Bf1 Qc7 12. c4 b6 13. Rc1 Bb7 14. Qc2 Rac8
15. Qb1 Qb8 16. b4 Ncd7 17. a3 Rfe8 18. Rc3 Bf8 19. Rh3 g6 20. f4 e5 21. fxe5
Nxe5 22. N4f3 Nfg4 23. Bd4 Qc7 24. Qb2 Nc6 25. Bc3 b5 26. Rg3 h5 27. h3 Qb6+
28. Bd4 Nxd4 29. Qxd4 Qxd4+ 30. Nxd4 Bg7 31. N4f3 Nf6 32. cxb5 axb5 33. Bxb5
Rxe4 34. Nxe4 Nxe4 35. Rxe4 Bxe4 36. Nd2 Rc1+ 37. Kf2 Bf5 38. Bd3 Be6 39. Ke2
Ra1 40. Bc4 d5 41. Bb5 Bf5 42. Rb3 Ra2 43. Ke1 Bh6 44. Nf3 Rxg2 45. Be2 Rg3 46.
b5 Rxh3 47. b6 Rh1+ 48. Kf2 Bf4 49. b7 Bb8 50. Rc3 Ba7+ 51. Kg2 Rb1 52. Ba6 Kg7
53. Rc8 Rb6 54. Ra8 Rxa6 55. Rxa7 Rb6 56. Nd4 Bd7 57. b8=Q Rxb8 58. Rxd7 Ra8
59. Nb5 Kf6 60. Rxd5 g5 61. Rd4 Ke5 62. Rb4 Rd8 63. a4 Rd2+ 64. Kf3 f5 65. Nc7
Rd3+ 66. Ke2 Ra3 67. Rb5+ Kf4 68. a5 Ra2+ 69. Kf1 h4 70. Kg1 h3 71. Ne6+ 0-1

[Event "CCM4 - 11. ORDIX Open"]
[Site "Mainz"]
[Date "2004.??.??"]
[Round "7"]
[White "Naiditsch, Arkadij"]
[Black "Milov, Vadim"]
[Result "1-0"]
[WhiteElo "2576"]
[BlackElo "2683"]
[PlyCount "105"]
[EventDate "2004.??.??"]
[EventType "rapid"]
[EventCountry "GER"]
[Source "Mike Rosa"]
[SourceDate "2009.01.01"]

1. e4 c5 2. Nf3 e6 3. d4 cxd4 4. Nxd4 a6 5. Bd3 Bc5 6. Nb3 Be7 7. O-O d6 8. c4
Nf6 9. Nc3 O-O 10. Kh1 b6 11. f4 Bb7 12. Qe2 Nc6 13. Be3 Nb4 14. Bb1 Nd7 15.
Nd4 Bf6 16. a3 Nc6 17. Nxc6 Bxc6 18. Rd1 Be7 19. b4 Qc7 20. Bd3 Rac8 21. Rac1
Qb8 22. Bd4 Rfe8 23. e5 dxe5 24. fxe5 Red8 25. Rf1 Nf8 26. Qf2 Be8 27. Be2 b5
28. cxb5 Bg5 29. bxa6 Bxc1 30. Rxc1 Ng6 31. Qe3 Ne7 32. Ba7 Qa8 33. b5 Rxc3 34.
Qxc3 Qxa7 35. a4 Rc8 36. Qe1 Qe3 37. Rxc8 Nxc8 38. Qd1 Qxe5 39. h3 g6 40. Bf3
Kg7 41. Bb7 Qc5 42. Bxc8 Qxc8 43. Qd6 Qa8 44. Qc7 Qe4 45. a7 Qxa4 46. Qb8 Bxb5
47. a8=Q Qd1+ 48. Kh2 Bd7 49. Qh8+ Kh6 50. Qhf8+ Kh5 51. Qa5+ f5 52. Qe7 Qd2
53. Qc7 1-0